Music Quiz

Random Music or Song Quiz

Teddy Geiger Lyrics Quiz Stats

 Plays Quiz not verified by Sporcle

Also try: One Word Per Song
Challenge
Share
Tweet
Embed
Score 0/8 Timer 09:00
0 Plays Today
Lyric Song % Correct
Do I seem familiar, i've crossed you in hallways a thousand times, no more camouflage I want to be exposed, and not be afraid to fall.For You I Will
94%
Did anyone try too hard Well I guess I didTry Too Hard
84%
There's one love in a lifetime Our two hearts of a kind Seven Days Without You
66%
I have done all that I can I have done all that I'll stand for.. Gentlemen
62%
slow down and pace yourself cause when it's good it's a long open road Love is a Marathon
60%
So the pencils change to pens I just want to hang out with my friendsLook Where We Are Now
54%
Will you get over it this time And is this the last time A Million Years
46%
With you, every day is Saturday With you, Every word you say is like a songHallelujah
28%

You're not logged in!

Compare scores with friends on all Sporcle quizzes.
Join for Free
OR
Log In

You Might Also Like...

Show Comments

Extras

Top Quizzes Today


Score Distribution

Your Account Isn't Verified!

In order to create a playlist on Sporcle, you need to verify the email address you used during registration. Go to your Sporcle Settings to finish the process.

Report this User

Report this user for behavior that violates our Community Guidelines.

Details: